Saber ambiental: sustentabilidad, racionalidad, complejidad, poder

Gardado en:
Detalles Bibliográficos
Autor Principal: Leff, Enrique (Author)
Formato: Libro
Idioma:Lingua castelá
Publicado: Ciudad de México Siglo Veintiuno 2007
Edición:5a. ed
Series:Ambiente y Democracia
Subjects:
Tags: Engadir etiqueta
Sen Etiquetas, Sexa o primeiro en etiquetar este rexistro!

MARC

LEADER 00000nam a2200000 a 4500
001 UCH4859
003 CL-VaPUC
008 090910e20070000MX |||||||||||||||||spa|d
020 |a 9682324025 
082 0 4 |a 304.2  |b LEF  |2 21 
100 |a Leff, Enrique  |e author  |9 580689 
245 1 0 |a Saber ambiental: sustentabilidad, racionalidad, complejidad, poder 
250 |a 5a. ed 
300 |a 414 p 
942 |c BK 
945 |d 20090910 00:00:00  |a rbrito 
260 |a Ciudad de México  |b Siglo Veintiuno  |c 2007 
650 0 |a Ecología humana   |9 263207 
650 0 |a Educación ambiental  |9 262920 
650 0 |a Sociología   |9 255410 
650 0 |a Ecología   |9 258124 
650 0 |a Protección del medio ambiente  |9 257626 
650 0 |a Racionalidad  |9 323325 
583 |a last modification  |c 20090910 00:00:00  |k Rodrigo Vera 
490 0 |a Ambiente y Democracia 
999 |c 336111  |d 336109 
952 |0 0  |1 0  |4 0  |6 304_200000000000000_LEF_2007  |7 0  |8 A  |9 427055  |a BIBING  |b BIBING  |d 2019-11-22  |i 4599713  |l 2  |m 1  |o 304.2 LEF 2007  |p 4599713  |r 2025-01-20  |s 2023-09-01  |w 2019-11-22  |y BK  |k GEO